000 00574cam a2200205 4500500
005 20260329005036.0
041 _afre
042 _adc
100 1 0 _aDurand, Jean-Marie
_eauthor
245 0 0 _aUtopie radicale
260 _c2022.
500 _a33
690 _aChaos
690 _aRadicalité
690 _aRuine
690 _aScience-fiction
690 _aUtopie
786 0 _nPhilosophie magazine | 158 | 4 | 2022-04-01 | p. 58-58 | 1951-1787
856 4 1 _uhttps://shs.cairn.info/magazine-philosophie-magazine-2022-4-page-58?lang=fr&redirect-ssocas=7080
999 _c1839731
_d1839731